000 00737cab a2200217 4500
001 WB3217-10
008 090401t1996 xxu||||| |||| 00| 0 eng d
035 _a(Sirsi) u6695
041 _aeng
245 _aScorn for PFI hospital safeguards
260 _c1996
350 _a0
490 _aBuilding
_v261(7939) 3 May 1996, 14(1)
520 _aCritics have said that a loophole in the National Health Service (Residual Liabilities) Bill may allow an insolvent trust to continue functioning whilst unable to pay the PFI investor.
650 _aNATIONAL HEALTH SERVICE RESIDUAL LIABILITIES BILL
650 _aNHS TRUSTS
650 _aPFI
690 _aPROPERTY-PROPERTY FINANCE AND INVESTMENT
942 _n0
948 _c04/03/1997
999 _c3988
_d3988